书目信息 |
| 题名: |
弗洛伊德谈自我意识
|
|
| 作者: | 弗洛伊德 著 ;石磊 编译 | |
| 分册: | ||
| 出版信息: | 北京 中国商业出版社 2011.1 |
|
| 页数: | 371页 | |
| 开本: | 22cm | |
| 丛书名: | 世界大师思想精萃 | |
| 单 册: | ||
| 中图分类: | B84-065 | |
| 科图分类: | ||
| 主题词: | 自我意识 | |
| 电子资源: | ||
| ISBN: | 978-7-5044-7113-0 | |
| 000 | 01029oam2 2200289 45 | |
| 001 | 1360565406 | |
| 005 | 20130531100517.75 | |
| 010 | @a978-7-5044-7113-0@b精装@dCNY28.00 | |
| 100 | @a20130513d2011 em y0chiy0110 ea | |
| 101 | 1 | @achi |
| 102 | @aCN@b110000 | |
| 105 | @aa z 000yy | |
| 106 | @ar | |
| 200 | 1 | @a弗洛伊德谈自我意识@AFu Luo Yi De Tan Zi Wo Yi Shi@f弗洛伊德(Sigmund Freud)著@FFu Luo Yi De (Sigmund Freud) Zhu@g石磊编译 |
| 210 | @a北京@c中国商业出版社@d2011.1 | |
| 215 | @a371页@c图@d22cm | |
| 225 | 2 | @a世界大师思想精萃 |
| 330 | @a本书主要内容包括:自我和本我;自我和超我;意识与潜意识;无意识的现象;暗示与力比多;等级区别等。 | |
| 461 | 0 | @12001 @a世界大师思想精萃 |
| 600 | 0 | @a弗洛伊德@c(Freud, Sigmmund@f1856-1939)@x自我意识 |
| 600 | 0 | @a弗洛伊德@c(Freud, Sigmmund@f1856-1939) |
| 606 | 0 | @a自我意识 |
| 690 | @aB84-065@v5 | |
| 701 | 0 | @a弗洛伊德@AFu Luo Yi De@c(Freud, Sigmund)@4著 |
| 702 | 0 | @a石磊@AShi Lei@4编译 |
| 801 | @aCN@bTANGWEI@c20130523 | |
| 905 | @b0835552-55@dB84-065@e1176@f4 | |
| 弗洛伊德谈自我意识/弗洛伊德(Sigmund Freud)著/石磊编译.-北京:中国商业出版社,2011.1 |
| 371页:图;22cm.-(世界大师思想精萃) |
| ISBN 978-7-5044-7113-0(精装):CNY28.00 |
| 本书主要内容包括:自我和本我;自我和超我;意识与潜意识;无意识的现象;暗示与力比多;等级区别等。 |
| ● |
| 相关链接 |
|
|
|
|
正题名:弗洛伊德谈自我意识
索取号:B84-065/1176
 
预约/预借
| 序号 | 登录号 | 条形码 | 馆藏地/架位号 | 状态 | 备注 |
| 1 | 0835552 | 208355527 | 第一样本阅览室/ [索取号:B84-065/1176] | 在馆 | |
| 2 | 0835553 | 208355536 | 教育系资料室/ [索取号:B84-065/1176] | 在馆 | |
| 3 | 0835554 | 208355545 | 第一借阅区/ [索取号:B84-065/1176] | 在馆 | |
| 4 | 0835555 | 208355554 | 教育系资料室/ [索取号:B84-065/1176] | 在馆 |